000
00336nam a2200133Ia 4500
008
240624s9999 xx 000 0 und d
041
_a
eng
082
_a
516 COU
100
_a
COURANT RICHARD
245
_a
INTRODUCTION TO CALCULUS AND ANALYSIS VO
260
_c
1989
_b
Springer
300
_a
xxiii, : 661 : p. : cm. ; 26
365
_c
RS
999
_c
25601
_d
25601